000
00334 a2200169 4500
001
183324
020
_a
85-08-05517-X
040
_c
Magnum
100
_a
Parker, Steve
240
1
0
_a
O corpo humano
_l
por
245
1
0
_a
O corpo humano
300
_a
61
362
0
_a
1995
440
1
_a
Ática
697
_a
CIÊNCIAS
942
_c
BK
999
_c
183324
_d
183324